Statistiques concernant Tous les types dans pokemon

Cliquez ici pour prendre le quiz!

Statistiques générales

  • Ce quiz a été pris 98 fois
  • Le résultat moyen est 13 sur 18

Statistiques - réponses

Réponse% Correct
Eau
100%
Feu
98%
Plante
92%
Psy
82%
Fée
81%
Roche
75%
Vol
74%
Combat
73%
Normal
73%
Sol
73%
Acier
71%
Ténèbres
71%
Dragon
70%
Poison
68%
Spectre
67%
Glace
63%
Insecte
62%
Électrik
54%

Distribution des résultats

Percentile par nombre de réponses

% des personnes avec chaque résultat

Votre développement - résultats

Vous n’avez pas pris ce quiz